<?xml version="1.0" encoding="UTF-8"?><?xml-stylesheet type="text/xsl" href="static/style.xsl"?><OAI-PMH xmlns="http://www.openarchives.org/OAI/2.0/" xmlns:xsi="http://www.w3.org/2001/XMLSchema-instance" xsi:schemaLocation="http://www.openarchives.org/OAI/2.0/ http://www.openarchives.org/OAI/2.0/OAI-PMH.xsd"><responseDate>2026-04-17T01:35:00Z</responseDate><request verb="GetRecord" identifier="oai:www.recercat.cat:11351/14370" metadataPrefix="marc">https://recercat.cat/oai/request</request><GetRecord><record><header><identifier>oai:recercat.cat:11351/14370</identifier><datestamp>2026-03-21T06:08:53Z</datestamp><setSpec>com_2072_378070</setSpec><setSpec>com_2072_378040</setSpec><setSpec>col_2072_378092</setSpec></header><metadata><record xmlns="http://www.loc.gov/MARC21/slim" xmlns:dcterms="http://purl.org/dc/terms/" xmlns:xsi="http://www.w3.org/2001/XMLSchema-instance" xmlns:doc="http://www.lyncode.com/xoai" xsi:schemaLocation="http://www.loc.gov/MARC21/slim http://www.loc.gov/standards/marcxml/schema/MARC21slim.xsd">
   <leader>00925njm 22002777a 4500</leader>
   <datafield ind2=" " ind1=" " tag="042">
      <subfield code="a">dc</subfield>
   </datafield>
   <datafield ind2=" " ind1=" " tag="720">
      <subfield code="a">Juanola Mayos, Adrià</subfield>
      <subfield code="e">author</subfield>
   </datafield>
   <datafield ind2=" " ind1=" " tag="720">
      <subfield code="a">Mezzano, Gabriel</subfield>
      <subfield code="e">author</subfield>
   </datafield>
   <datafield ind2=" " ind1=" " tag="720">
      <subfield code="a">POSE MENDEZ, ELISA</subfield>
      <subfield code="e">author</subfield>
   </datafield>
   <datafield ind2=" " ind1=" " tag="720">
      <subfield code="a">MORETA, MARIA JOSE</subfield>
      <subfield code="e">author</subfield>
   </datafield>
   <datafield ind2=" " ind1=" " tag="720">
      <subfield code="a">Incicco, Simone</subfield>
      <subfield code="e">author</subfield>
   </datafield>
   <datafield ind2=" " ind1=" " tag="720">
      <subfield code="a">Gagliardi, Roberta</subfield>
      <subfield code="e">author</subfield>
   </datafield>
   <datafield ind2=" " ind1=" " tag="720">
      <subfield code="a">Vargas Blasco, Victor Manuel</subfield>
      <subfield code="e">author</subfield>
   </datafield>
   <datafield ind2=" " ind1=" " tag="260">
      <subfield code="c">2026-03-20T11:34:21Z</subfield>
   </datafield>
   <datafield ind2=" " ind1=" " tag="260">
      <subfield code="c">2026-03-20T11:34:21Z</subfield>
   </datafield>
   <datafield ind2=" " ind1=" " tag="260">
      <subfield code="c">2025-12</subfield>
   </datafield>
   <datafield ind2=" " ind1=" " tag="520">
      <subfield code="a">Bacterial infection; Biomarkers; Decompensated cirrhosis</subfield>
   </datafield>
   <datafield ind2=" " ind1=" " tag="520">
      <subfield code="a">Infección bacteriana; Biomarcadores; Cirrosis descompensada</subfield>
   </datafield>
   <datafield ind2=" " ind1=" " tag="520">
      <subfield code="a">Infecció bacteriana; Biomarcadors; Cirrosi descompensada</subfield>
   </datafield>
   <datafield ind2=" " ind1=" " tag="520">
      <subfield code="a">Background &amp; Aims&#xd;
Impaired phagocytic capacity due to activation of the PD-1/PD-L1 pathway has been implicated in the development of bacterial infections in patients with cirrhosis. Soluble PD-L1 (sPD-L1) is easily measurable in plasma and has been proposed as a biomarker of sepsis. In the current study, we aim to evaluate the role of sPD-L1 as a biomarker of bacterial infection development in patients with cirrhosis.&#xd;
Methods&#xd;
Plasma samples from 995 patients with chronic liver disease grouped in three cohorts were analyzed: an initial cohort of 268 hospitalized patients with acute decompensated cirrhosis, 327 out-patients with non-acute decompensated cirrhosis and finally 400 patients with high-risk alcohol consumption, including all stages of liver fibrosis, from mild/no fibrosis to cirrhosis (F0–F4). The main outcomes of the study were development of bacterial infection and mortality.&#xd;
Results&#xd;
Patients who developed bacterial infections had higher median levels of sPD-L1 than those who did not (160 [IQR 116-221] vs. 136 [IQR 97-193] pg/ml, respectively, p value &lt;0.001; hazard ratio 1.034, 95% CI 1.014-1.055). Levels of sPD-L1 were associated with bacterial infection development after adjustment for confounding factors. During follow-up, patients who died had higher median sPD-L1 levels than survivors, after adjustment for MELD Na (180 [IQR 143-267] vs. 134 [IQR 97-187] pg/ml, respectively; p value &lt;0.001; HR 1.066, 95% CI 1.043-1.089). These findings were observed in all cohorts.&#xd;
Conclusions&#xd;
Plasma levels of sPD-L1 are associated with the risk of bacterial infection development irrespective of the stage of chronic liver disease. Furthermore, higher sPD-L1 levels are linked to increased mortality. Measurement of sPD-L1 levels may help identify patients at high risk of developing bacterial infections and guide the implementation of new preventive strategies.&#xd;
Impact and implications&#xd;
This study explores the role of soluble PD-L1 as a biomarker of immune dysfunction and its association with clinical outcomes in patients with chronic liver disease. Our findings demonstrate that soluble PD-L1 levels increase with the progression of liver disease and they are independently associated with an increased risk of bacterial infection development and mortality. These results could help physicians identify high-risk individuals earlier and implement preventive strategies.</subfield>
   </datafield>
   <datafield ind2=" " ind1=" " tag="520">
      <subfield code="a">This work was supported by a grant awarded to PG (PI23/00798), integrated in the Plan Nacional I+D+I, and co-funded by ISCIII-Subdirección General de Evaluación and European Regional Development Fund. AJ has been supported by a grant funded by Instituto de Salud Carlos III (PI24/01100). EP has been supported by a grant funded by Instituto de Salud Carlos III (PI22/00910). MJM has been funded by Contracte de Recerca “Clínic - La Pedrera”, granted by Hospital Clínic de Barcelona. SP has been supported by a grant from the Italian Ministry of Health (GR-2021-12374075). AS is co-financed by a Río Hortega grant and the European Union (expediente CM23/00133), Instituto de Salud Carlos III, Acción Estratégica en Salud, December 2023 Call. IG has been supported by a grant funded by Instituto de Salud Carlos III (PI22/00776). AC is funded by the Instituto de Salud Carlos III (ICSIII) through the project PI19/00752 and co-funded by the European Union. MT is funded by a grant from the Novo Nordisk Foundation (NNF20OC0059393). TH is funded by Novo Nordisk Foundation (grant no. NNF15OC0016544), the Novo Nordisk Foundation Challenge Program (grant no. NNF15OC0016692) and to the MicrobLiver consortium.</subfield>
   </datafield>
   <datafield ind1="8" ind2=" " tag="024">
      <subfield code="a">https://hdl.handle.net/11351/14370</subfield>
   </datafield>
   <datafield tag="653" ind2=" " ind1=" ">
      <subfield code="a">Malalties bacterianes</subfield>
   </datafield>
   <datafield tag="653" ind2=" " ind1=" ">
      <subfield code="a">Marcadors bioquímics</subfield>
   </datafield>
   <datafield tag="653" ind2=" " ind1=" ">
      <subfield code="a">Cirrosi hepàtica</subfield>
   </datafield>
   <datafield tag="653" ind2=" " ind1=" ">
      <subfield code="a">Antígens</subfield>
   </datafield>
   <datafield tag="653" ind2=" " ind1=" ">
      <subfield code="a">DISEASES::Digestive System Diseases::Liver Diseases::Liver Cirrhosis</subfield>
   </datafield>
   <datafield tag="653" ind2=" " ind1=" ">
      <subfield code="a">CHEMICALS AND DRUGS::Biological Factors::Biomarkers</subfield>
   </datafield>
   <datafield tag="653" ind2=" " ind1=" ">
      <subfield code="a">DISEASES::Bacterial Infections and Mycoses::Bacterial Infections</subfield>
   </datafield>
   <datafield tag="653" ind2=" " ind1=" ">
      <subfield code="a">CHEMICALS AND DRUGS::Amino Acids, Peptides, and Proteins::Proteins::Intercellular Signaling Peptides and Proteins::B7 Antigens::B7-H1 Antigen</subfield>
   </datafield>
   <datafield tag="653" ind2=" " ind1=" ">
      <subfield code="a">ENFERMEDADES::enfermedades del sistema digestivo::enfermedades hepáticas::cirrosis hepática</subfield>
   </datafield>
   <datafield tag="653" ind2=" " ind1=" ">
      <subfield code="a">COMPUESTOS QUÍMICOS Y DROGAS::factores biológicos::biomarcadores</subfield>
   </datafield>
   <datafield tag="653" ind2=" " ind1=" ">
      <subfield code="a">ENFERMEDADES::infecciones bacterianas y micosis::infecciones bacterianas</subfield>
   </datafield>
   <datafield tag="653" ind2=" " ind1=" ">
      <subfield code="a">COMPUESTOS QUÍMICOS Y DROGAS::aminoácidos, péptidos y proteínas::proteínas::péptidos y proteínas de señalización intercelular::antígenos B7::antígeno B7-H1</subfield>
   </datafield>
   <datafield ind2="0" ind1="0" tag="245">
      <subfield code="a">PD-L1 and the risk of bacterial infection in patients with chronic liver diseases: An international multicohort study</subfield>
   </datafield>
</record></metadata></record></GetRecord></OAI-PMH>